مكتبة جامعة عجلون الوطنية

فهرس بحث المكتبة

Normal view MARC view
  • لوجو-دراسة وتعليم -حاسبات الكترونية

Entry Topical Term

Number of records used in: 1

001 - CONTROL NUMBER

  • control field: 41309

003 - CONTROL NUMBER IDENTIFIER

  • control field: JO-AjAnu

005 - DATE AND TIME OF LATEST TRANSACTION

  • control field: 20230606080849.0

008 - FIXED-LENGTH DATA ELEMENTS

  • fixed length control field: 230606|| aca||aabn | a|a d

040 ## - CATALOGING SOURCE

  • Original cataloging agency: JO-AjAnu
  • Transcribing agency: JO-AjAnu

150 ## - HEADING--TOPICAL TERM

  • Topical term or geographic name entry element: لوجو-دراسة وتعليم -حاسبات الكترونية

670 ## - SOURCE DATA FOUND

  • Source citation: Work cat.: (JO-AjAnu)21170: القاضي ، زياد / م مشارك حسين حتاملة, author 41308, البرمجة بلغة لوجو